LEADER 01022nam a2200241 u 4500 001 000000003119 003 CaOOAMICUS 005 20070226104514.0 008 940530s1791 it u000 u ita u 035 $a10080058 040 $aPUL(R)$bita 100 1 $aBolgeni, Giovanni Vincenzo,$cS.I.,$d1733-1811.$0(OLS)http://pul/name/3308 245 10$aEsame della vera idea della Santa Sede :$bOperetta stampata in Pavia nel 1784. 250 $a3. ed. 260 $aFoligno :$bStamp. Vescovile,$c1791. 300 $a272 p. ;$c20 cm 504 $aContiene indicazioni bibliografiche in nota. 610 14$aSanta Sede.$0(OLS)http://pul/subject/2737 850 $aPUL 852 $aPUL$W1$xDP1 Antico 700$y26$m62 G 25$j4134$nBK-PRI$b $qStampati Antico$B4134$CPULBib$Z2$F4134 $H $81 941 1 $a15 996 $6245$aEsame della vera idea della Santa Sede :$bOperetta stampata in Pavia nel 1784$9(OLS)http://pul/title/4545 996 $6260$aFoligno :$bStamp. Vescovile$9(OLS)http://pul/publisher/49717 LEADER 01401nam a2200325 u 4500 001 000000038974 003 CaOOAMICUS 005 20070226113934.0 008 940713r19951962it u000 u ita u 035 $a10793075 040 $aPUL(R)$bita 100 1 $aCortese, Ennio,$d1929-$0(OLS)http://pul/name/13675 245 13$aLa norma giuridica :$bspunti teorici nel diritto comune classico /$cEnnio Cortese. 260 $a[Milano] :$bGiuffrè,$c1995. 300 $a2 v. ;$c28 cm 490 1 $aIus nostrum ;$v6, 1-2 500 $aRistampa dell'ed. del 1962-1964. 504 $aBibliografia in nota. 650 4$aDiritto romano.$0(OLS)http://pul/subject/382 830 0$aIus nostrum ;$v6, 1-2.$0(OLS)http://pul/title/1296 850 $aPUL 852 $aPUL$W1$xSL Diritto e Scienze Sociali 1$y4$m179 A 141-142$j53028$nBK-PRI$b $qStampati$B53028$CPULBib$Z2$F53028 $H $81 852 $aPUL$W1$xSL Diritto e Scienze Sociali 1$y4$m179 A 141-142$j53028$nBK-PRI$b $qStampati$B53029$CPULBib$Z2$F53029 $H $81 941 1 $a8 960 $aRoman law$9382 960 $aRoman law$9382 961 $aINV: 74409-74410. 961 $aINV: 74409-74410. 996 $6245$aLa norma giuridica :$bspunti teorici nel diritto comune classico$9(OLS)http://pul/title/52809 996 $6260$a[Milano] :$bGiuffrè$9(OLS)http://pul/publisher/62827 LEADER 01211nam a2200277 u 4500 001 000000039887 003 CaOOAMICUS 005 20070226114036.0 008 980520s1988 it u000 u ita u 020 $a880204158X 035 $a10795439 040 $aPUL(R)$bita 100 1 $aBarbero, Domenico,$d1907-1963.$0(OLS)http://pul/name/1973 245 13$aIl sistema del diritto privato /$cDomenico Barbero ; a cura di Antonio Liserre e Giorgio Floridia. 260 $aTorino :$bUnione tipografica-editrice torinese,$c1988. 300 $alx, 1336 p. ;$c25 cm 500 $aContiene indici. 650 4$aDiritto privato$zItalia.$0(OLS)http://pul/subject/1235 700 1 $aFloridia, Giorgio.$0(OLS)http://pul/name/29576 700 1 $aLiserre, Antonio.$0(OLS)http://pul/name/29575 850 $aPUL 852 $aPUL$W1$xDP2 Diritto e Scienze Sociali 1$y65$m173 F 49$j54286$nBK-PRI$b $qStampati$B54286$CPULBib$Z2$F54286 $H60723 $82 941 1 $a8 996 $6020$a880204158X$9(OLS)http://pul/number/49597 996 $6245$aIl sistema del diritto privato$9(OLS)http://pul/title/53948 996 $6260$aTorino :$bUnione tipografica-editrice torinese$9(OLS)http://pul/publisher/51230